Coniugazione - Potere - Statistics

Statistiche generali
  • Questo quiz è stato fatto 8 volte
  • Il punteggio medio è 31 su 42
Statistiche sulle risposte
Tempo Coniugazione % Corretto
Noi Possiamo
100%
Io Posso
100%
Loro Possono
100%
Voi Potete
100%
Lui o Lei Poteva
100%
Noi Potevamo
100%
Loro Potevano
100%
Voi Potevate
100%
Tu Potevi
100%
Io Potevo
100%
Lui o Lei Può
100%
Tu Puoi
100%
Noi Potemmo
75%
Presente Potente
75%
Voi Poteste
75%
Tu Potesti
75%
Lui o Lei Potrà
75%
Tu Potrai
75%
Loro Potranno
75%
Noi Potremo
75%
Voi Potrete
75%
Io Potrò
75%
che io o tu o lui o lei. Possa
63%
che loro Possano
63%
che noi Possiamo
63%
che voi Possiate
63%
Presente Potendo
63%
che lui o lei Potesse
63%
che loro Potessero
63%
che io o tu Potessi
63%
che noi Potessimo
63%
che voi Poteste
63%
Lui o Lei Potrebbe
63%
Loro Potrebbero
63%
Io Potrei
63%
Noi Potremmo
63%
Voi Potreste
63%
Tu Potresti
63%
Passato Potuto
63%
Lui o Lei Potette
38%
Loro Potettero
38%
Io Potetti
38%
Nessun quiz corrispondente trovato
Distribuzione punteggi
Percentuale di utenti per punteggio
Percentile per numero di risposta
I tuoi punteggi nel tempo
Non hai fatto questo quiz